000 00601 a2200181 4500
020 _a0198553757
020 _a9780198553755
082 _a532.00724
090 _c1633
_d1633
100 1 _aAllen, M. P.
245 1 0 _aComputer simulation of liquids /
_cM. P. Allen, D. J. Tildesley.
250 _ay First edition.
260 _a[S.l.] :
_bOxford University Press, USA,
_c1991.
300 _a408 p.
700 1 _aTildesley, D. J.
942 _aSNS
_cBK
_k532.00724 ALL
999 _c30242
_d30242